Aladinova kouzelná lampa [Ruská rozprávka z roku 1966 podľa námetu "Rozprávok z tisíc a jednej noci"]

Bibliographic Details
Format: Book
Language:Czech
Slovak
PhysicalDescription:1 vidokazeta (80 min.) stereo, fareb. VHS systém PAL
Published: Bratislava Davay 1993
Subjects:

MARC

LEADER 00000nam a2200000 a 4500
001 vtls001255236
003 SK-MaSNL
005 20260413115228.0
008 250414s1993 xo 0 cze
035 |a SNK000206068 
040 |a SNK  |b slo  |c SNK  |e AACR2 
041 0 |a slo 
044 |a xo  |c SK 
080 |a 791.43-252(47)(086.8)  |2 1981 
245 0 0 |a Aladinova kouzelná lampa  |h Videozáznam  |b [Ruská rozprávka z roku 1966 podľa námetu "Rozprávok z tisíc a jednej noci"] 
260 |a Bratislava  |b Davay  |c 1993 
300 |a 1 vidokazeta (80 min.)  |b stereo, fareb. VHS systém PAL 
500 |a Má 1 dielo. Česká verzia 
655 7 |a videokazety  |2 SNK  |9 70726 
852 |a Slovenská národná knižnica 
954 |a rozprávky filmové 
999 |c 539749  |d 541679 
952 |t P60, <03>, [BOOK], {603}  |a SNK  |b SNK  |y PREZ  |7 0  |p 17A0160301  |o snkSVC 186  |i snkJK 444/94  |0 0  |1 0  |4 0  |d 1999-06-30  |l 0  |r 2005-01-01 00:00:00  |w 2026-02-23